Examinations - a call for reassessment (Record no. 926)

000 -LEADER
fixed length control field 00321pab a2200133 454500
008 - FIXED-LENGTH DATA ELEMENTS--GENERAL INFORMATION
fixed length control field 180718b xxu||||| |||| 00| 0 eng d
100 ## - MAIN ENTRY--PERSONAL NAME
Personal name Arunan, M.C.
245 ## - TITLE STATEMENT
Title Examinations - a call for reassessment
650 ## - SUBJECT ADDED ENTRY--TOPICAL TERM
Topical term or geographic name entry element Examination
650 ## - SUBJECT ADDED ENTRY--TOPICAL TERM
Topical term or geographic name entry element Education
700 ## - ADDED ENTRY--PERSONAL NAME
Personal name Mendes, Jennie
773 ## - HOST ITEM ENTRY
Main entry heading University News
909 ## -
-- 926
Holdings
Withdrawn status Lost status Damaged status Not for loan Permanent Location Current Location Date acquired Serial Enumeration / chronology Barcode Date last seen Price effective from Koha item type
        Indian Institute of Public Administration Indian Institute of Public Administration 2018-07-19 Issue no: 29(20), 20 May 91, p.1, 6 AR926 2018-07-19 2018-07-19 Articles

Powered by Koha